000 00179nam a2200073Ia 4500
008 170620s9999 xx 000 0 und d
100 _aRandhwa
245 0 _aEDUCATION AND HUMAN RESOURCE MANAGEMENT
260 _bAPH
999 _c26113
_d26113